| Tag |
First Indicator |
Second Indicator |
Subfields |
| LEADER |
00000cam a2200000 a 4500 |
| 001 |
in00002360100 |
| 005 |
20151109040440.0 |
| 008 |
070821s2007 enka 001 0 eng |
| 015 |
|
|
|a GBA768770
|2 bnb
|
| 016 |
7 |
|
|a 013828997
|2 Uk
|
| 019 |
|
|
|a 154706374
|
| 020 |
|
|
|a 9780521843720 (hbk.)
|
| 020 |
|
|
|a 0521843723 (hbk.)
|
| 035 |
|
|
|a (OCoLC)ocn166626189
|
| 035 |
|
|
|a (OCoLC)166626189
|z (OCoLC)154706374
|
| 040 |
|
|
|a UKM
|c UKM
|d BTCTA
|d BAKER
|d YDXCP
|d BWKUK
|d UtOrBLW
|
| 049 |
|
|
|a TXAM
|
| 050 |
|
4 |
|a DA950
|b .L78 2007
|
| 082 |
0 |
4 |
|a 941.5081
|2 22
|
| 100 |
1 |
|
|a Loughlin, James.
|
| 245 |
1 |
4 |
|a The British monarchy and Ireland :
|b 1800 to the present /
|c James Loughlin.
|
| 264 |
|
1 |
|a Cambridge, UK ;
|a New York :
|b Cambridge University Press,
|c 2007.
|
| 300 |
|
|
|a xv, 398 pages :
|b illustrations ;
|c 23 cm.
|
| 336 |
|
|
|a text
|b txt
|2 rdacontent
|
| 337 |
|
|
|a unmediated
|b n
|2 rdamedia
|
| 338 |
|
|
|a volume
|b nc
|2 rdacarrier
|
| 500 |
|
|
|a Includes index.
|
| 650 |
|
0 |
|a Nationalism
|z Ireland
|x History
|y 19th century.
|
| 650 |
|
0 |
|a Nationalism
|z Ireland
|x History
|y 20th century.
|
| 650 |
|
0 |
|a Monarchy
|z Great Britain.
|
| 650 |
|
0 |
|a Monarchy
|z Ireland.
|
| 651 |
|
0 |
|a Ireland
|x Politics and government
|y 19th century.
|
| 651 |
|
0 |
|a Ireland
|x Politics and government
|y 20th century.
|
| 651 |
|
0 |
|a Great Britain
|x Politics and government
|y 19th century.
|
| 651 |
|
0 |
|a Great Britain
|x Politics and government
|y 20th century.
|
| 651 |
|
0 |
|a Ireland
|x Foreign relations
|z Great Britain.
|
| 651 |
|
0 |
|a Great Britain
|x Foreign relations
|z Ireland.
|
| 938 |
|
|
|a Baker and Taylor
|b BTCP
|n BK0007259361
|
| 938 |
|
|
|a Baker & Taylor
|b BKTY
|c 99.00
|d 99.00
|i 0521843723
|n 0007259361
|s active
|
| 938 |
|
|
|a YBP Library Services
|b YANK
|n 100470979
|
| 945 |
|
|
|a PromptCat
|b 354411
|
| 946 |
|
|
|a stk
|
| 947 |
|
|
|a A14836831339
|
| 994 |
|
|
|a 92
|b TXA
|
| 948 |
|
|
|a cataloged
|b h
|c 2008/3/19
|d c
|e asalazar
|f 11:42:46 am
|
| 999 |
|
|
|a MARS
|
| 999 |
f |
f |
|s 0938a14f-cec8-3336-a20d-dd2dadf4ef9f
|i ee2e1653-c2f6-37db-864e-a7741f82c5f0
|t 0
|
| 952 |
f |
f |
|p normal
|a Texas A&M University
|b College Station
|c Sterling C. Evans Library
|d Evans: Library Stacks
|t 0
|e DA950 .L78 2007
|h Library of Congress classification
|i unmediated -- volume
|m A14836831339
|
| 998 |
f |
f |
|a DA950 .L78 2007
|t 0
|l Evans: Library Stacks
|